Advanced engineering mathematics (Record no. 2354)

000 -LEADER
fixed length control field 00457nam a22001937a 4500
001 - CONTROL NUMBER
control field 2354
003 - CONTROL NUMBER IDENTIFIER
control field BD-DhUET
008 - FIXED-LENGTH DATA ELEMENTS--GENERAL INFORMATION
fixed length control field 140922b xxu||||| |||| 00| 0 eng d
020 ## - INTERNATIONAL STANDARD BOOK NUMBER
International Standard Book Number 8121903459
040 ## - CATALOGING SOURCE
Transcribing agency 0
Modifying agency BD-DhUET
082 ## - DEWEY DECIMAL CLASSIFICATION NUMBER
Classification number 510
Item number DAS/2007
100 ## - MAIN ENTRY--PERSONAL NAME
Personal name Dass, H.K.
245 ## - TITLE STATEMENT
Title Advanced engineering mathematics
250 ## - EDITION STATEMENT
Edition statement 17th Rev. ed.
260 ## - PUBLICATION, DISTRIBUTION, ETC. (IMPRINT)
Place of publication, distribution, etc. Ram Nagar
Name of publisher, distributor, etc. S. Chand.
Date of publication, distribution, etc. 2007
300 ## - PHYSICAL DESCRIPTION
Extent xvi,1274p.
650 #0 - SUBJECT ADDED ENTRY--TOPICAL TERM
Topical term or geographic name as entry element Mathematics
942 ## - ADDED ENTRY ELEMENTS (KOHA)
Koha item type General Book
Holdings
Sublocation or collection (holding branch) Copy number Koha date last seen Koha item type Source of classification or shelving scheme Koha issues (times borrowed) Not for loan Koha out on loan Damaged status Koha normalized classification for sorting Koha full call number Price effective from Location (home branch) Koha date last borrowed Date acquired Lost status Withdrawn status Shelving location Piece designation (barcode)
Central Library, BUET12023-05-06General Book 3   510DAS2007510/DAS/20072014-09-22Central Library, BUET2022-11-232014-09-22  Circulation section103924
Central Library, BUET22026-01-13General Book 6 2026-01-27 510DAS2007510/DAS/20072014-09-22Central Library, BUET2026-01-132014-09-22  Circulation section103925
Central Library, BUET32025-02-10General Book 4   510DAS2007510/DAS/20072014-09-22Central Library, BUET2024-12-012014-09-22  Circulation section103927
Central Library, BUET42023-06-05General Book 3   510DAS2007510/DAS/20072014-09-22Central Library, BUET2023-03-222014-09-22  Circulation section103928
Central Library, BUET52016-02-24General Book 1   510DAS2007510/DAS/20072014-09-22Central Library, BUET2014-11-122014-09-22  Circulation section103929
Central Library, BUET72023-02-28General Book 2   510DAS2007510/DAS/20072014-09-22Central Library, BUET2023-01-112014-09-22  Circulation section103931
Central Library, BUET62026-05-09General Book 3   510DAS2007510/DAS/20072014-09-22Central Library, BUET2026-04-152014-09-22  Circulation section103930
Central Library, BUET82019-03-31General Book 2   510_000000000000000_DAS_2007510/DAS/20072015-01-26Central Library, BUET2019-01-202015-01-26  Circulation section103922
Central Library, BUET92025-04-07General Book 2   510DAS_2007_000000000000000510DAS/20072015-09-01Central Library, BUET2025-03-022015-09-01  Circulation section103923
Central Library, BUET102024-11-24General Book 11 2024-12-08 510_000000000000000_DAS_2007510/DAS/20072017-05-29Central Library, BUET2024-11-242007-05-28  Circulation section103926